Sports Quiz

Random Sports or Baseball Quiz

Baseball Team by Player Quiz Stats

Quiz not verified by Sporcle

Challenge
Share
Tweet
Embed
Score 0/30 Timer 05:00
0 Plays Today
Baseball Player Baseball Team % Correct
Albert Pujolscardinals
96.4%
Barry Bondsgiants
94%
Mike Piazzamets
90.4%
Hanley Ramirezmarlins
90.4%
Miguel Tejadaorioles
85.5%
Ichiro Suzukimariners
80.7%
Alex Rodriguezyankees
79.5%
Stephen Strasburgnationals
75.9%
Evan Longoriarays
74.7%
Lance Berkmanastros
73.5%
Randy Johnsondiamondbacks
73.5%
Ken Griffey Jr reds
73.5%
Roberto Clementepirates
72.3%
Tim Hudsonbraves
71.1%
Torii Hunterangels
71.1%
Baseball Player Baseball Team % Correct
Nolan Ryanrangers
71.1%
Todd Heltonrockies
71.1%
Richie Sexsonbrewers
69.9%
Kirby Pucketttwins
69.9%
Albert Belleindians
68.7%
Kurk Gibsondodgers
68.7%
Kosuke Fukudomecubs
66.3%
Trevor Hoffmanpadres
66.3%
Joe Carterblue jays
59%
Jack Morristigers
57.8%
Jim Hunterathletics
55.4%
Robin Robertsphillies
50.6%
Frank Whiteroyals
36.1%
Babe Ruth(early career)red soxs
13.3%
Jake Mcdowellwhite soxs
12%

You're not logged in!

Compare scores with friends on all Sporcle quizzes.
Join for Free
OR
Log In

You Might Also Like...

Show Comments

Extras

Top Quizzes Today


Score Distribution

Your Account Isn't Verified!

In order to create a playlist on Sporcle, you need to verify the email address you used during registration. Go to your Sporcle Settings to finish the process.

Report this User

Report this user for behavior that violates our Community Guidelines.

Details: